LIBRARY & INFORMATION CENTRE, KCAET, TAVANUR

ONLINE PUBLIC ACCESS CATALOGUE (OPAC)

Research Methodology and Scientific Writing (Record no. 14711)

MARC details
000 -LEADER
fixed length control field 00306nam a22001217a 4500
020 ## - INTERNATIONAL STANDARD BOOK NUMBER
ISBN 9789384726089
082 ## - DEWEY DECIMAL CLASSIFICATION NUMBER
Classification number 001.42
Item number THO/RE
100 ## - MAIN ENTRY--AUTHOR NAME
Personal name Thomas,George C.
245 ## - TITLE STATEMENT
Title Research Methodology and Scientific Writing
260 ## - PUBLICATION, DISTRIBUTION, ETC. (IMPRINT)
Place of publication New Delhi
Name of publisher Ane Books Pvt.Ltd
Year of publication 2015
300 ## - PHYSICAL DESCRIPTION
Number of Pages 531
942 ## - ADDED ENTRY ELEMENTS (KOHA)
Koha item type Book Bank scheme for SC students
Holdings
Withdrawn status Lost status Damaged status Home library Current library Shelving location Date acquired Source of acquisition Cost, normal purchase price Full call number Accession Number Koha item type
      KAUAET KAUAET Scheme 20/08/2016 Penta Books Distributors, Calicut. 1995.00 001.42 THO/RE BB 297 Book Bank scheme for SC students
      KAUAET KAUAET Scheme 20/08/2016 Penta Books Distributors, Calicut. 1995.00 001.42 THO/RE BB 296 Book Bank scheme for SC students
free website counter